000 01303nac a22003131i 4500
003 EG-ScBUE
005 20250320103854.0
008 250306t1983 nyua a f 001 0 eng d
020 _a0070990646
020 _a9780070990647
040 _aEG-ScBUE
_beng
_erda
_cEG-ScBUE
_dEG-ScBUE
082 0 4 _a515.02462
_bSPI
_222
100 1 _aSpiegel, Murray R.,
_eauthor.
245 1 0 _aSchaum’s outline of theory and problems of advanced mathematics for engineers and scientists /
_cby Murray R. Spiegel, Ph.D., former professor and chairman of mathematics, Rensselaer Polytechnic Institute of Conneticut ; adapted for si units by A. N. Pettitt, Ph.D., lecturer in mathematics, university of technology, Loughbrough.
250 _aSi (Metric) edition.
264 1 _aNew York :
_bMcGraw-Hill Books Company,
_c[1983]
264 4 _cc1983
300 _a407 pages :
_billustrations ;
_c28 cm.
336 _2rdacontent
_atext
_btxt
337 _aunmediated
_2rdamedia
_bn
338 _avolume
_bnc
_2rdacarrier
490 0 _aSchaum’s outline series
500 _aIncludes index.
650 7 _aEngineering mathematics
_xOutlines, syllabi, etc.
_2BUEsh
650 7 _aEngineering mathematics
_xProblems, exercises, etc.
_2BUEsh
655 _vReading book
700 1 _aPettitt, A. N.,
_eadapter.
942 _cBB
_2ddc
999 _c7102
_d7102